| 000 | 00431nam a2200169Ia 4500 | ||
|---|---|---|---|
| 008 | 180207s9999 xx 000 0 und d | ||
| 020 | _a435903764 | ||
| 050 | _bC692 2000 | ||
| 100 | _aColeman, Michael. | ||
| 245 | _aYou noisy monkey! / | ||
| 245 | _cMichael Coleman ; illustrated by Tim Warnes / | ||
| 260 | _aLondon : | ||
| 260 | _bHeineman, | ||
| 260 | _c2000 | ||
| 300 | _a16 pages : | ||
| 300 | _bcolor illustrations ; | ||
| 999 |
_c355873 _d355873 |
||